000 01240cam a22003254a 4500
999 _c50517
_d50517
001 12792157
005 20200225135953.0
008 020529s2003 njua b 001 0 eng
010 _a 2002074822
020 _a0130929980
040 _aDLC
_cDLC
_dDLC
041 _aeng
042 _apcc
050 0 0 _aQH430
_b.K574 2003
080 _a575 K-58
082 0 0 _a576.5
_221
100 1 _aKlug, William S.
_97411
245 1 0 _aConcepts of genetics /
_cWilliam S. Klug, Michael R. Cummings ; with contributions by Jon Herron ... [et al.].
250 _a7th ed.
264 _aUpper Saddle River, N.J. :
_bPrentice Hall,
_cc2003.
300 _a691p. 1 v. (vario.us pagings) :
_bill. (some col.) ;
_c29 cm. +
_e1 CD-ROM (4 3/4 in.)
504 _aIncludes bibliographical references and index.
538 _aSystem requirements for accompanying CD-ROM: Windows 98/2000/NT/ME ; Macintosh Power PC with OS 8.6, 9.2
650 0 _aGenetics.
_97412
653 _aგენეტიკა
700 1 _aCummings, Michael R.
_eავტორი
_97413
906 _a7
_bcbc
_corignew
_d1
_eocip
_f20
_gy-gencatlg
942 _2udc
_cBK
955 _apc16 2002-05-29 to ASCD;
_ijc14 2002-05-30
_aaa07 2002-06-05
_aps11 2002-11-06 bk rec'd, to CIP ver.